Statistics for Same Start and End Letter - History #1

Click here to take the quiz!

General Stats

  • This quiz has been taken 13,055 times
  • The average score is 12 of 20

Answer Stats

HintAnswer% Correct
NFirst scientist to describe gravityNewton
93%
AEgyptian city known for its libraryAlexandria
91%
MPeriod of 1,000 yearsMillennium
90%
WFirst name of President WilsonWoodrow
85%
GSiberian labor campGulag
80%
ALargest land mass undiscovered in 1800Antarctica
78%
EAnimal that symbolized the
Roman legions
Eagle
74%
NEthnicity of William the ConquerorNorman
72%
SSTD that probably came from
the New World
Syphilis
71%
GLuftwaffe commander during WWIIGöring
53%
RFrench impressionist painterRenoir
53%
ACity captured by Sherman in 1864Atlanta
51%
ECrime of Mata Hari and Aldrich AmesEspionage
51%
HAncient Egyptian symbolHieroglyph
50%
TType of powerful catapultTrebuchet
49%
PAlexander the Great's dadPhilip
46%
TSynonym of autocratTyrant
44%
RFeudal landowner who levied
illegal tolls: _____ Baron
Robber
31%
FFat knight of
"The Merry Wives of Windsor"
Falstaff
27%
DBoom town of the Black Hills gold rushDeadwood
21%

Score Distribution

Percentile by Number Answered

Percent of People with Each Score

Your Score History

You have not taken this quiz